Development studies (Record no. 63510)

MARC details
000 -LEADER
fixed length control field 01182nam a2200253 a 4500
008 - FIXED-LENGTH DATA ELEMENTS--GENERAL INFORMATION
fixed length control field 120416s1995 ||||||||||||||||| || u
020 ## - INTERNATIONAL STANDARD BOOK NUMBER
International Standard Book Number 1874529329
050 ## - LIBRARY OF CONGRESS CALL NUMBER
Classification number HD 77 Dev
100 ## - MAIN ENTRY--PERSONAL NAME
Personal name Ayres, Ron, 1943 June 27-
245 10 - TITLE STATEMENT
Title Development studies
Statement of responsibility, etc. edited by R. Ayres
246 ## -
-- an introduction through selected readings
260 ## - PUBLICATION, DISTRIBUTION, ETC.
Place of publication, distribution, etc. london
Name of publisher, distributor, etc. Greenwich University Press
Date of publication, distribution, etc. 1995
300 ## - PHYSICAL DESCRIPTION
Extent xvi, 696p. : ill.
350 ## -
-- 0.00
490 ## -
-- Greenwich readers
490 ## -
-- 3
500 ## - GENERAL NOTE
General note Includes bibliographies.
650 #0 - SUBJECT ADDED ENTRY--TOPICAL TERM
Topical term or geographic name entry element ECONOMIC DEVELOPMENT--AFRICA, SUB-SAHARAN
650 #0 - SUBJECT ADDED ENTRY--TOPICAL TERM
Topical term or geographic name entry element MANAGEMENT
650 #0 - SUBJECT ADDED ENTRY--TOPICAL TERM
Topical term or geographic name entry element DEVELOPING COUNTRIES--ECONOMIC CONDITIONS
995 ## -
-- MAIN LIBRARY OPEN ACCESS
-- 0.00
-- 734255
-- CBU-MAIN LIBRARY (Kitwe)
-- 2
-- 39.90
-- HD 77 Dev
-- 2
-- AVAILABLE
-- Jul 11, 2006
-- 46552
-- Main Library Open Access Collection
995 ## -
-- MAIN LIBRARY OPEN ACCESS
-- 0.00
-- 734257
-- CBU-MAIN LIBRARY (Kitwe)
-- 1
-- 39.90
-- HD 77 Dev
-- 1
-- AVAILABLE
-- 46556
-- Main Library Open Access Collection
995 ## -
-- MAIN LIBRARY OPEN ACCESS
-- 0.00
-- 734256
-- CBU-MAIN LIBRARY (Kitwe)
-- 3
-- 39.90
-- HD 77 Dev
-- 3
-- LOST
-- Mar 11, 2013
-- Jul 11, 2006
-- 46553
-- Main Library Open Access Collection
999 ## -
-- 63510
-- 63510
Holdings
Withdrawn status Lost status Source of classification or shelving scheme Damaged status Not for loan Permanent Location Current Location Shelving location Date acquired Total Checkouts Full call number Barcode Date last seen Copy number Price effective from Koha item type
          CBU-MAIN LIBRARY, KITWE. CBU-MAIN LIBRARY, KITWE.   12/27/2022   HD 77 Dev 46552 12/27/2022 2 12/27/2022 MONOGRAPH
          CBU-MAIN LIBRARY, KITWE. CBU-MAIN LIBRARY, KITWE.   12/27/2022   HD 77 Dev 46556 12/27/2022 1 12/27/2022 MONOGRAPH
          CBU-MAIN LIBRARY, KITWE. CBU-MAIN LIBRARY, KITWE.   12/27/2022   HD 77 Dev 46553 12/27/2022 3 12/27/2022 MONOGRAPH